Größte Orte in der Pfalz nach Buchstabe - Statistiken

Allgemein
  • Dieses Quiz wurde 13 mal gespielt
  • Das Durchschnittsergebnis liegt bei 11 aus 24
Antwortstatistiken
Buchstabe Info Antwort % Korrekt
K größtes Stadion fürFußball in der Pfalz Kaiserslautern
100%
L größte Stadt derPfalz, bekannt als "hässlichste Stadt Deutschlands" Ludwigshafen
100%
B bekannt für größtes Weinfass der Welt Bad Dürkheim
92%
Z grenzt an das Saarland Zweibrücken
92%
G Hafenstadt,Straßenmuseum Germersheim
75%
N Wichtiges Zentrum des pfälzischen
Bahnverkehrs
Neustadt
75%
S bekannt für dasTechnikmuseum Speyer
75%
A unterhalb der Burg Trifels Annweiler
67%
F nordwestlich von L Frankenthal
67%
H Standort des Plopsalands (einem Freizeitpark) Haßloch
67%
P hier treffen sich dieBundesautobahnen 8 und 62 Pirmasens
67%
E liegt im Eistal westlich von G Eisenberg
33%
M grenzt südwestlich an L Mutterstadt
33%
I südöstlich Landaus Insheim
25%
W Standort eines Autowerks Wörth
25%
C östlich von Z Contwig
17%
O nördlich von K Otterberg
17%
D liegt am Pfalzmarkt,südwestlich von L Dannstadt-Schauernheim
8%
J grenzt nördlich an W Jockgrim
8%
Q südwestlich von K Queidersbach
8%
R lange Altrheinarme Römerberg
8%
T Sitz des KLUWO(zuständig für Wölfe und Luchse in Rheinland-Pfalz) Trippstadt
8%
U nördlich von Kusel Ulmet
8%
V in unmittelbarerNähe von P Vinningen
8%
Keine übereinstimmenden Quizze gefunden
Verteilung der Resultate
Anzahl Personen mit jedem Resultat
Perzentil nach korrekt beantworteten Fragen
Ihre Resultats-Entwicklung
Sie haben dieses Quiz noch nicht gespielt